<?xml version="1.0" encoding="UTF-8"?>
<collection xmlns:xsi="http://www.w3.org/2001/XMLSchema-instance" xsi:schemaLocation="http://www.loc.gov/MARC21/slim http://www.loc.gov/standards/marcxml/schema/MARC21slim.xsd" xmlns="http://www.loc.gov/MARC21/slim">
 <record>
  <leader>00000caa a22000004a 4500</leader>
  <controlfield tag="001">UP-8027390931312542865</controlfield>
  <controlfield tag="003">Buklod</controlfield>
  <controlfield tag="005">20210614114457.0</controlfield>
  <controlfield tag="006">o--- |     ||   ||</controlfield>
  <controlfield tag="007">ta</controlfield>
  <controlfield tag="008">210614s        xx     d     r    |||| u|</controlfield>
  <datafield tag="035" ind1=" " ind2=" ">
   <subfield code="a">(iLib)UPCEB-00012051697</subfield>
  </datafield>
  <datafield tag="040" ind1=" " ind2=" ">
   <subfield code="a">emz</subfield>
  </datafield>
  <datafield tag="245" ind1="0" ind2="0">
   <subfield code="a">Marine Microbes and Plastic Debris</subfield>
   <subfield code="b">Research Status and Opportunities in the Philippines.</subfield>
  </datafield>
  <datafield tag="300" ind1=" " ind2=" ">
   <subfield code="a">pp. 71-82</subfield>
  </datafield>
  <datafield tag="520" ind1=" " ind2=" ">
   <subfield code="a">Marine plastics have been shown to affect all organisms across the trophic levels including the microbial communities, influencing their community assembly, composition, metabolic processes, and ecosystem functions. Thus, studying plastic-microbe interactions in the marine environment is important in understanding its implications alongside the growing issue of plastic pollution. The Philippines, despite being suggested as the third-largest contributor to marine plastic debris, currently does not have any existing national research programs on basic plastics research, resulting in our limited understanding of the extent and implications in the country. This paper then reviews the current status and knowledge of the plastic-microbe association focusing on how plastic surfaces serve as a new environment for marine microbes, how this system could become dispersal mechanisms of unwanted microorganisms, and how microbes possibly contribute to the biodegradation of plastics in the marine environment. These also translate to possible research opportunities for Filipino scientists to work on the topic.</subfield>
  </datafield>
  <datafield tag="650" ind1=" " ind2="0">
   <subfield code="a">Science</subfield>
   <subfield code="x">Periodicals.</subfield>
  </datafield>
  <datafield tag="650" ind1="1" ind2="7">
   <subfield code="a">Biodegradation.</subfield>
  </datafield>
  <datafield tag="650" ind1="1" ind2="7">
   <subfield code="a">Dangerous hitchhikers.</subfield>
  </datafield>
  <datafield tag="653" ind1=" " ind2=" ">
   <subfield code="a">Microbes.</subfield>
  </datafield>
  <datafield tag="653" ind1=" " ind2=" ">
   <subfield code="a">Microbial succession.</subfield>
  </datafield>
  <datafield tag="653" ind1=" " ind2=" ">
   <subfield code="a">Plastic pollution.</subfield>
  </datafield>
  <datafield tag="653" ind1=" " ind2=" ">
   <subfield code="a">Plastics.</subfield>
  </datafield>
  <datafield tag="700" ind1="1" ind2=" ">
   <subfield code="a">Onda, Deo Florence L.</subfield>
  </datafield>
  <datafield tag="773" ind1="0" ind2=" ">
   <subfield code="a">Philippine Journal of Science.</subfield>
   <subfield code="g">vol. 149, 1.  (Mar) 2020.</subfield>
  </datafield>
  <datafield tag="942" ind1=" " ind2=" ">
   <subfield code="a">Analytics</subfield>
  </datafield>
 </record>
</collection>
